03858cam a2200373Ii 4500999001700000001001400017003000400031005001700035006001900052008004100071020003400112020003400146020003400180020003000214024003200244035002100276040001100297050002700308082002400335245009900359264005100458300004000509490003900549505103000588520152801618630003903146650004803185650004703233700002303280776005303303830004003356856007503396942001303471 c27573d275739781315856827OSt20240802192331.0a|||||o|||| 00| 0 180706s2013 nyu ob 001 0 eng d a9781315856827q(e-book : PDF) a9781317931867q(e-book: Mobi) a9781317931874q(e-book: ePub) z9780415857727q(hardback)7 a10.4324/9781315856827 2doi a(OCoLC)865656306 cimu-kc 4aK1196.A42006bM37 201304a344.017613875bM34204aThe Maritime Labour Convention 2006 :binternational labour law redefined /cJennifer Lavelle. 1aNew York :bInforma Law from Routledge,c2013. a1 online resource (xxxi, 366 pages)1 aMaritime and transport law library0 ach. 1. The Maritime Labour Convention 2006 in the European union / Ariadne Abel -- ch. 2. Increased seafarer protection under the Maritime Labour Convention 2006 : a maltese flag perspective / Adrian Attart & Paul Gonzi -- ch. 3. The shipmaster and the Maritime Labor Convention 2006 / John A.C. Cartner -- ch. 4. Yachting and the Maritime Labor Convention 2006 / Mateusz Bek -- ch. 5. Crewing insurance under the Maritime Labor Convention 2006 / Johanna Hjalmarsson -- ch. 6. Seafarer abandonment insurance : a system of financial security for seafarers / Denis Nifontov, with contributions from Thomas Brown and Nicholas Maddalena -- ch. 7. Seafarers and modern piracy / Graham Caldwell -- ch. 8. The enforcement procedures of the Maritime Labour Convention 2006 / Alexandros X.M. Ntovas -- ch. 9. How to determine jurisdiction and governing law in disputes arising out of a seafarer's employment agreement / Jennifer Lavelle -- ch. 10. Implementation of the Maritime Labour Convention 2006 / Maritime & Coastguard Agency. a"With the Maritime Labour Conventions entry into force in August 2013, the shipping industry will soon be faced with a new international convention that has comprehensive implications across all sectors. This vital text provides timely analysis and thought-provoking essays regarding the Conventions application and enforcement in practice.Hailed as the "Seafarers Bill of Rights" and the "fourth pillar" of the international regulatory regime for quality shipping, the Maritime Labour Convention is set to significantly alter the playing field for key stakeholders. This book offers diverse and interesting commentary in respect of the Conventions impact on core sectors of the shipping industry, identifying both strengths and weaknesses of the Convention, as well as potential hurdles that will need to be overcome. Each chapter focuses on a different aspect of the Convention, ranging from individual rights of the seafarer to challenges of flag State implementation. Special attention is given to enforcement through examination of the innovative measures provided in the Convention itself, along with discussion of domestic enforcement mechanisms in certain States. Furthermore, the book evaluates whether the Convention has filled existing gaps in maritime labour law, resolved prior difficulties or created new problems.This book expertly addresses issues of fundamental importance to national authorities, shipping professionals and associations, maritime lawyers and academics worldwide"--cProvided by publisher.00aMaritime Labour Conventiond(2006) 0aMerchant marinersxLegal status, laws, etc. 0aLabor laws and legislation, International.1 aLavelle, Jennifer.08iPrint version: z9780415857727w(DLC) 2013024040 0aMaritime and transport law library.40uhttps://www.taylorfrancis.com/books/9781315856827zClick here to view. 2ddccEBK